[Event "Online Olym Div2 D 2020"]
[Site "chess.com INT"]
[Date "2020.08.15"]
[Round "5.3"]
[Board "6"]
[White "Haile, Batel Goitom"]
[Black "Ozbay, Ece"]
[Result "0-1"]
[BlackTitle "WFM"]
[WhiteElo "1587"]
[BlackElo "2027"]
[WhiteTeam "Iceland"]
[BlackTeam "Turkey"]
[WhiteFideId "2315190"]
[BlackFideId "6351743"]
[EventDate "2020.08.14"]
[EventType "team"]

1. e4 c5 2. Nf3 e6 3. d4 cxd4 4. Nxd4 Nc6 5. Nc3 Qc7 6. Be2 a6 7. Be3 Nf6 8. a3
Be7 9. O-O O-O 10. Qd2 d6 11. f4 b5 12. Nxc6 Qxc6 13. e5 dxe5 14. fxe5 Nd5 15.
Bf3 Bb7 16. Ne4 Rad8 17. Rad1 Qc7 18. Qe2 Nxe3 19. Rxd8 Rxd8 20. Qxe3 Qxe5 21.
Kh1 f5 22. Qc3 Qxc3 23. Nxc3 Bxf3 24. Rxf3 Rd2 25. Rf1 Rxc2 26. Re1 Bxa3 27.
Nxb5 Bxb2 28. Nd6 Ba3 29. Nb7 e5 30. g3 Rc1 31. Rxc1 Bxc1 32. Kg2 Bd2 33. Kf2 a5
34. Ke2 Bb4 35. Nd8 g6 36. h3 Kg7 37. Nc6 e4 38. Ke3 Kf6 39. g4 h5 40. gxh5 gxh5
41. Kf4 Bd6+ 42. Ke3 a4 43. Na5 a3 44. Nb3 a2 45. Ke2 Be5 46. Ke3 a1=Q 47. Nxa1
Bxa1 48. Kf4 Bd4 49. Kg3 Kg5 50. h4+ Kf6 51. Kf4 e3 52. Kf3 Ke5 53. Ke2 Ke4 54.
Kf1 Kf3 55. Ke1 e2 0-1

[Event "Online Olym Div2 D 2020"]
[Site "chess.com INT"]
[Date "2020.08.15"]
[Round "5.4"]
[Board "1"]
[White "Andersen, Mads"]
[Black "Saric, Ivan"]
[Result "1/2-1/2"]
[WhiteTitle "GM"]
[BlackTitle "GM"]
[WhiteElo "2585"]
[BlackElo "2646"]
[WhiteTeam "Denmark"]
[BlackTeam "Croatia"]
[WhiteFideId "1413864"]
[BlackFideId "14508150"]
[EventDate "2020.08.14"]
[EventType "team"]

1. Nf3 Nf6 2. g3 d5 3. Bg2 g6 4. c4 dxc4 5. Qa4+ Nfd7 6. Qxc4 Bg7 7. O-O O-O 8.
Nc3 Nc6 9. d3 Nb6 10. Qh4 e5 11. Qxd8 Rxd8 12. Bg5 f6 13. Be3 Nd4 14. Rfc1 c6
15. Kf1 f5 16. Nd2 Be6 17. f4 exf4 18. Bxf4 Bf7 19. Kf2 Ne6 20. Be3 g5 21. Nf3
h6 22. h4 Bf6 23. hxg5 hxg5 24. a4 Nd5 25. Nxd5 Rxd5 26. Rab1 a5 27. Nd2 Rdd8
28. Nc4 Nd4 29. b4 axb4 30. Rxb4 Ra7 31. Rcb1 Bxc4 32. Rxc4 b5 33. axb5 cxb5 34.
Rcb4 Ra4 35. Bxd4 Bxd4+ 36. Kf1 Rxb4 37. Rxb4 Kg7 38. Rxb5 Rc8 39. Rb1 Be3 40.
Bd5 Rc1+ 41. Rxc1 Bxc1 42. Kf2 f4 43. g4 Kf6 44. Kf3 Ke5 45. Bc4 Be3 1/2-1/2

[Event "Online Olym Div2 D 2020"]
[Site "chess.com INT"]
[Date "2020.08.15"]
[Round "5.4"]
[Board "2"]
[White "Bosiocic, Marin"]
[Black "Thybo, Jesper Sondergaard"]
[Result "1/2-1/2"]
[WhiteTitle "GM"]
[BlackTitle "GM"]
[WhiteElo "2606"]
[BlackElo "2577"]
[WhiteTeam "Croatia"]
[BlackTeam "Denmark"]
[WhiteFideId "14507927"]
[BlackFideId "1438832"]
[EventDate "2020.08.14"]
[EventType "team"]

1. d4 d5 2. Bf4 Nf6 3. e3 c5 4. Nc3 cxd4 5. exd4 a6 6. Bd3 Nc6 7. Nce2 Qb6 8. h3
e5 9. dxe5 Ne4 10. Be3 Qxb2 11. Nf3 Bb4+ 12. Kf1 Nc3 13. Qc1 Qxc1+ 14. Nxc1 O-O
15. Bd2 Ne4 16. Bxb4 Nxb4 17. a3 Nc6 18. Nb3 Re8 19. Re1 Nxe5 20. Nxe5 Rxe5 21.
Rg1 f6 22. f3 Nc3 23. f4 Rxe1+ 24. Kxe1 Bd7 25. Kd2 Ne4+ 26. Ke3 Bc6 27. Kd4 Nd6
28. Na5 Nb5+ 29. Kc5 Nxa3 30. Nxc6 bxc6 31. Kxc6 Rc8+ 32. Kd6 d4 33. Bf5 Rc3 34.
Be6+ Kf8 35. Ra1 g5 36. fxg5 fxg5 37. Rf1+ Kg7 38. g4 Nb5+ 39. Ke7 Rc7+ 40. Kd8
Rxc2 41. Rf7+ Kg6 42. Rd7 Kf6 43. Bg8 Rc6 44. Rf7+ Kg6 45. Rb7 d3 46. Bxh7+ Kf6
47. Bxd3 Rd6+ 48. Rd7 Rxd7+ 49. Kxd7 Ke5 50. Bf1 Kf4 51. Ke7 Kg3 52. Kf6 Kh4 53.
Kg6 Nc7 54. Kf5 a5 55. Ke5 a4 56. Kd4 a3 57. Kc3 Nd5+ 58. Kb3 Ne3 59. Be2 Kxh3
60. Kxa3 Nxg4 61. Kb2 Kg3 62. Kc3 Nh2 63. Kd2 Kf2 64. Bh5 Nf1+ 65. Kd3 Ng3 66.
Bg4 Nf1 67. Bc8 Kf3 68. Bb7+ Kf4 69. Bc8 Ne3 70. Ke2 Nc2 71. Kf2 Nd4 72. Kg2 Nf3
73. Kf2 Nh4 74. Bd7 Nf5 75. Bxf5 Kxf5 76. Kf3 g4+ 1/2-1/2

[Event "Online Olym Div2 D 2020"]
[Site "chess.com INT"]
[Date "2020.08.15"]
[Round "5.4"]
[Board "3"]
[White "Guindy, Esmat Susanne"]
[Black "Franciskovic, Borka"]
[Result "0-1"]
[WhiteTitle "WFM"]
[BlackTitle "WIM"]
[WhiteElo "2131"]
[BlackElo "2250"]
[WhiteTeam "Denmark"]
[BlackTeam "Croatia"]
[WhiteFideId "1401637"]
[BlackFideId "14507943"]
[EventDate "2020.08.14"]
[EventType "team"]

1. c4 c5 2. Nc3 Nf6 3. Nf3 Nc6 4. g3 e6 5. Bg2 Be7 6. O-O a6 7. d4 cxd4 8. Nxd4
Qc7 9. b3 O-O 10. Bb2 d6 11. e4 Bd7 12. Rc1 Ne5 13. h3 Rac8 14. Qd2 Qb8 15. a4
Rfd8 16. Rfd1 Ng6 17. Qe2 Bf8 18. f4 Be7 19. Kh2 h5 20. f5 Ne5 21. fxe6 fxe6 22.
Nf3 Ng6 23. Re1 h4 24. Nxh4 Nxh4 25. gxh4 d5+ 26. e5 d4 27. Nb1 Bc6 28. Kh1 d3
29. Qf2 Bxg2+ 30. Qxg2 Nh5 31. Nd2 Rf8 32. Qg4 Rf5 33. Rf1 Rcf8 34. Rxf5 Rxf5
35. Rg1 Qe8 36. Ne4 Qc6 37. Kh2 Rf4 38. Qxh5 Qxe4 39. Rg2 Rxh4 40. Qe8+ Bf8 41.
Qxe6+ Kh8 42. Qf7 Rf4 43. Qh5+ Kg8 44. Bc1 Rf5 45. Qg4 Qxe5+ 46. Qg3 Qxg3+ 47.
Kxg3 Bd6+ 48. Kg4 Rf1 49. Bb2 Kf7 50. Rd2 Rf4+ 51. Kg5 Rf3 52. Kg4 Rg3+ 53. Kh4
Re3 54. Kg4 Bb4 55. Rf2+ Kg6 56. Rf1 d2 57. Bd4 Re4+ 0-1

[Event "Online Olym Div2 D 2020"]
[Site "chess.com INT"]
[Date "2020.08.15"]
[Round "5.4"]
[Board "4"]
[White "Ivekovic, Tihana"]
[Black "Kakulidis, Ellen"]
[Result "1/2-1/2"]
[WhiteTitle "WFM"]
[BlackTitle "WCM"]
[WhiteElo "2127"]
[BlackElo "2059"]
[WhiteTeam "Croatia"]
[BlackTeam "Denmark"]
[WhiteFideId "14517825"]
[BlackFideId "1444972"]
[EventDate "2020.08.14"]
[EventType "team"]

1. d4 d5 2. c4 e6 3. Nf3 Be7 4. g3 Nf6 5. Bg2 O-O 6. O-O c6 7. Qc2 b6 8. b3 Bb7
9. Nc3 Qc8 10. Rd1 Na6 11. Ne5 Nd7 12. Bf4 Nxe5 13. Bxe5 f6 14. Bf4 Rd8 15. e4
c5 16. exd5 cxd4 17. Rxd4 e5 18. Re4 Bb4 19. Bd2 Qf5 20. Qb1 Bc5 21. Be3 Rac8
22. Bxc5 Nxc5 23. Re2 Qh5 24. Re3 Rc7 25. Ne4 Nxe4 26. Qxe4 Bc8 27. Qf3 Bg4 28.
Qe4 Bf5 29. Qh4 Qxh4 30. gxh4 a5 31. Rc1 Kf7 32. Kf1 Ke7 33. Ke2 Kd6 34. a3 b5
35. Kd2 Rdc8 36. Rec3 bxc4 37. Rxc4 Rc5 38. Rxc5 Rxc5 39. Rxc5 Kxc5 40. Kc3 Bd7
41. b4+ axb4+ 42. axb4+ Kd6 43. Kc4 f5 44. b5 e4 45. b6 Bc8 46. Kd4 Bb7 47. f3
Bxd5 48. fxe4 fxe4 49. Bxe4 Bxe4 50. Kxe4 Kc6 51. Ke5 Kxb6 52. Ke6 Kc6 53. h5
Kc7 54. Ke7 Kc6 55. Kf7 Kd7 56. Kxg7 Ke7 57. Kxh7 Kf7 58. h6 1/2-1/2

[Event "Online Olym Div2 D 2020"]
[Site "chess.com INT"]
[Date "2020.08.15"]
[Round "5.4"]
[Board "5"]
[White "Bjerre, Jonas Buhl"]
[Black "Livaic, Leon"]
[Result "1-0"]
[WhiteTitle "GM"]
[BlackTitle "IM"]
[WhiteElo "2549"]
[BlackElo "2507"]
[WhiteTeam "Denmark"]
[BlackTeam "Croatia"]
[WhiteFideId "1444948"]
[BlackFideId "14531534"]
[EventDate "2020.08.14"]
[EventType "team"]

1. d4 Nf6 2. c4 e6 3. Nf3 c5 4. d5 exd5 5. cxd5 d6 6. Nc3 g6 7. e4 a6 8. Bf4 Bg7
9. Bd3 O-O 10. h3 b5 11. O-O Re8 12. Re1 Ra7 13. a3 Rae7 14. Rc1 Qb6 15. b4 Nbd7
16. Be3 Qb8 17. Bb1 Bb7 18. Nd2 cxb4 19. axb4 Ne5 20. f4 Nc4 21. Nxc4 bxc4 22.
Bd4 Ba8 23. Bc2 Nh5 24. Bxg7 Kxg7 25. Qd4+ Kg8 26. Rf1 Qxb4 27. Rb1 Qa5 28. Ra1
Qd8 29. Rxa6 Bb7 30. Rb6 Bc8 31. Rb8 Qa5 32. Ba4 Bd7 33. Rxe8+ Bxe8 34. Bd1 Ng3
35. Re1 Qb4 36. Re3 Nh5 37. Bxh5 1-0

[Event "Online Olym Div2 D 2020"]
[Site "chess.com INT"]
[Date "2020.08.15"]
[Round "5.4"]
[Board "6"]
[White "Cvitan, Ena"]
[Black "van den Brink, Nienke"]
[Result "1-0"]
[WhiteTitle "FM"]
[WhiteElo "2242"]
[BlackElo "1811"]
[WhiteTeam "Croatia"]
[BlackTeam "Denmark"]
[WhiteFideId "14534215"]
[BlackFideId "1452568"]
[EventDate "2020.08.14"]
[EventType "team"]

1. d4 f5 2. Nf3 Nf6 3. g3 g6 4. Bg2 d6 5. O-O Bg7 6. b3 O-O 7. Bb2 Ne4 8. Nbd2
c5 9. e3 d5 10. Ne5 Nc6 11. Ndf3 Qc7 12. dxc5 e6 13. Nd3 Bxb2 14. Nxb2 Nxc5 15.
c4 Rd8 16. cxd5 Rxd5 17. Qe2 e5 18. Ng5 Rd6 19. Qc4+ Ne6 20. Rad1 Rxd1 21. Rxd1
Qe7 22. Bd5 Qxg5 23. Bxe6+ Bxe6 24. Qxe6+ Kh8 25. Nc4 Qe7 26. Qxe7 Nxe7 27. Nxe5
Nc6 28. Nxc6 bxc6 29. Rd7 a6 30. Rc7 Rd8 31. Rxc6 a5 32. Rc5 a4 33. bxa4 Rd2 34.
Ra5 Rxa2 35. Ra7 Kg8 36. h4 Kf8 37. a5 Ke8 38. a6 Kf8 39. Rxh7 Rxa6 40. Kg2 Kg8
41. Rb7 Rf6 42. Kf3 Re6 43. Kf4 Ra6 44. Kg5 Re6 45. h5 gxh5 46. Kxf5 Re8 47. Kg6
Rf8 48. f4 Re8 49. Kxh5 Rxe3 50. g4 Re4 51. Kg5 Re6 52. f5 Re4 53. Kh5 Rf4 54.
Ra7 Re4 55. g5 Rf4 56. Kg6 Kf8 57. Ra8+ Ke7 58. f6+ Ke6 59. Re8+ Kd7 60. Re5 Kd6
61. Rf5 Ra4 62. f7 Ra8 63. f8=Q+ 1-0

[Event "Online Olym Div2 D 2020"]
[Site "chess.com INT"]
[Date "2020.08.15"]
[Round "5.5"]
[Board "1"]
[White "Lorenzana, Wilson Estuardo"]
[Black "Delaney, Killian"]
[Result "1/2-1/2"]
[WhiteTitle "IM"]
[BlackTitle "FM"]
[WhiteElo "2220"]
[BlackElo "2314"]
[WhiteTeam "Guatemala"]
[BlackTeam "Ireland"]
[WhiteFideId "7300239"]
[BlackFideId "2501570"]
[EventDate "2020.08.14"]
[EventType "team"]

1. e4 c6 2. d4 d5 3. e5 c5 4. dxc5 e6 5. Bd3 Nd7 6. Nf3 Nxc5 7. O-O Nxd3 8. cxd3
Ne7 9. Nc3 Nc6 10. a3 Be7 11. Ne2 O-O 12. Bf4 f6 13. d4 Bd7 14. Re1 f5 15. b4 g5
16. Bc1 f4 17. Nd2 Be8 18. Nb3 b6 19. Nc3 f3 20. g3 Bh5 21. Be3 Qe8 22. h3 g4
23. Kh2 Rc8 24. Rc1 gxh3 25. Rh1 Qg6 26. Qd2 Bg4 27. Nb5 a6 28. Nd6 Bxd6 29.
exd6 a5 30. b5 Na7 31. Rc7 Nxb5 32. Rxc8 Rxc8 33. Rc1 Nxd6 34. Rxc8+ Nxc8 35.
Bh6 Nd6 36. Qf4 Bf5 37. Qxd6 Qxh6 38. Qxb6 a4 39. Qd8+ Kf7 40. Nc5 Qd2 41. Qd7+
Kg6 42. Qe8+ Kh6 43. Qf8+ Kg6 44. Qg8+ Kh6 45. Qf8+ Kg6 46. Qg8+ Kh6 47. Qf8+ 1/2-1/2

[Event "Online Olym Div2 D 2020"]
[Site "chess.com INT"]
[Date "2020.08.15"]
[Round "5.5"]
[Board "2"]
[White "Jessel, Stephen"]
[Black "Ortiz Q, Johnny Alexander"]
[Result "1-0"]
[WhiteTitle "FM"]
[BlackTitle "FM"]
[WhiteElo "2297"]
[BlackElo "2192"]
[WhiteTeam "Ireland"]
[BlackTeam "Guatemala"]
[WhiteFideId "628859"]
[BlackFideId "7300220"]
[EventDate "2020.08.14"]
[EventType "team"]

1. Nf3 d5 2. c4 e6 3. g3 Nf6 4. Bg2 Be7 5. O-O O-O 6. b3 d4 7. e3 c5 8. exd4
cxd4 9. Bb2 Nc6 10. Re1 Re8 11. a3 a5 12. d3 Bf8 13. Ne5 Nxe5 14. Rxe5 Nd7 15.
Rb5 Nc5 16. b4 axb4 17. axb4 Rxa1 18. Bxa1 Na6 19. Qb3 Nc7 20. Ra5 Na6 21. Rb5
Nc7 22. Ra5 1-0

[Event "Online Olym Div2 D 2020"]
[Site "chess.com INT"]
[Date "2020.08.15"]
[Round "5.5"]
[Board "4"]
[White "O'Gorman, Alice"]
[Black "Mencos Castillo, Maria"]
[Result "0-1"]
[BlackTitle "WIM"]
[WhiteElo "1904"]
[BlackElo "1865"]
[WhiteTeam "Ireland"]
[BlackTeam "Guatemala"]
[WhiteFideId "2508214"]
[BlackFideId "7300867"]
[EventDate "2020.08.14"]
[EventType "team"]

1. e4 e5 2. Nf3 Qe7 3. Nc3 c6 4. Bc4 h6 5. O-O d6 6. d4 Nf6 7. Re1 Bg4 8. Be3
Qc7 9. Be2 Bc8 10. Qd2 Nbd7 11. Rad1 Ng4 12. Bf1 Nxe3 13. Qxe3 Nf6 14. Ne2 g6
15. Qc3 Nd7 16. Ng3 Bg7 17. Bc4 O-O 18. Nh4 Kh7 19. Qf3 Nf6 20. dxe5 dxe5 21.
Rd2 Bg4 22. Qc3 Rad8 23. h3 Rxd2 24. Qxd2 Rd8 25. Qc3 Bc8 26. Nf3 Ne8 27. Nh2 a5
28. Qf3 Nd6 29. Bb3 b5 30. a3 Bb7 31. Ng4 Qe7 32. a4 bxa4 33. Bxa4 c5 34. Ne3 f5
35. Nd5 Bxd5 36. exd5 Qb7 37. Qa3 Qxd5 38. c3 Nc4 39. Qa2 Qd3 40. Rd1 Nd2 41.
Qa1 Bf6 42. Nf1 Qe2 43. Rxd2 Rxd2 44. Nxd2 Qxd2 45. Bb3 Qd8 46. Qa3 Qb6 47. Qa4
Qc7 48. Qc4 Qc8 49. Qf7+ Bg7 50. Be6 Qf8 51. Qc7 a4 52. Qc6 Qe7 53. Bc4 Qa7 54.
Qd5 Qb8 55. Kh2 e4+ 56. Kg1 h5 57. Qxc5 Qxb2 58. Qc8 Qxc3 59. h4 Qc1+ 60. Kh2
Qf4+ 61. Kg1 Qc1+ 62. Kh2 Qf4+ 63. Kg1 Qxh4 64. g3 Qg5 65. Qa6 h4 66. Kg2 hxg3
67. fxg3 f4 68. Qxa4 Qxg3+ 69. Kh1 Qh3+ 70. Kg1 Bd4# 0-1

[Event "Online Olym Div2 D 2020"]
[Site "chess.com INT"]
[Date "2020.08.15"]
[Round "5.5"]
[Board "5"]
[White "Garcia Y., Brayan Alexis"]
[Black "Kanyamarala, Tarun"]
[Result "0-1"]
[BlackTitle "FM"]
[WhiteElo "1847"]
[BlackElo "2381"]
[WhiteTeam "Guatemala"]
[BlackTeam "Ireland"]
[WhiteFideId "7303041"]
[BlackFideId "45004714"]
[EventDate "2020.08.14"]
[EventType "team"]

1. d4 f5 2. e4 fxe4 3. Nc3 Nf6 4. Bg5 e6 5. Nxe4 Be7 6. Bd3 Nxe4 7. Bxe7 Qxe7 8.
Bxe4 O-O 9. Qd3 Qh4 10. Nf3 Qh5 11. Ne5 d6 12. Bf3 Qg5 13. h4 Qf4 14. Nc4 Nc6
15. c3 Bd7 16. Nd2 e5 17. g3 Qf6 18. d5 Ne7 19. O-O Nf5 20. Ne4 Qg6 21. Bg2 Nh6
22. Qe2 Bg4 23. Qe3 Bf5 24. Rae1 Qe8 25. Qe2 Bg4 26. Qc4 Qd7 27. Ng5 Qe7 28. Be4
g6 29. Bg2 Rae8 30. a4 Bc8 31. a5 a6 32. b4 Nf7 33. Ne4 Bd7 34. Qxc7 Bb5 35. Qb6
Bxf1 36. Rxf1 Rc8 37. Bh3 Rc4 38. Re1 Kg7 39. Be6 Rd8 40. Bxf7 Kxf7 41. Ng5+ Kg8
42. Ne6 Re8 43. Re3 Qd7 44. Rd3 Qb5 45. Qe3 Qd7 46. Qh6 e4 47. Re3 Qf7 48. Ng5
Qg7 49. Qxg7+ Kxg7 50. Ne6+ Kf6 51. f3 Rec8 52. fxe4 Rxc3 53. Re2 Rc1+ 54. Kf2
R8c2 55. Nd4 Rxe2+ 56. Kxe2 Ke5 57. Nf3+ Kxe4 58. Ng5+ Kxd5 59. Nxh7 Rb1 60. Nf8
Rxb4 61. Nxg6 Ke4 62. h5 Rb2+ 63. Kf1 Kf3 64. Nh4+ Kxg3 65. h6 Rh2 66. Nf5+ Kf4
67. Nxd6 Rxh6 68. Nxb7 Kf3 69. Ke1 Ke3 70. Kd1 Kd3 71. Kc1 Kc3 72. Kd1 Kb4 73.
Kc2 Rh2+ 74. Kd3 Rh7 75. Nd8 Rd7+ 0-1

[Event "Online Olym Div2 D 2020"]
[Site "chess.com INT"]
[Date "2020.08.15"]
[Round "5.5"]
[Board "6"]
[White "Mirza, Diana"]
[Black "Juarez Garcia, Daniela"]
[Result "1-0"]
[WhiteTitle "WFM"]
[WhiteElo "1939"]
[BlackElo "1625"]
[WhiteTeam "Ireland"]
[BlackTeam "Guatemala"]
[WhiteFideId "2503999"]
[BlackFideId "7302703"]
[EventDate "2020.08.14"]
[EventType "team"]

1. e4 e5 2. Nf3 Nc6 3. Nc3 Nf6 4. g3 Bc5 5. Bg2 d6 6. O-O h6 7. d3 a6 8. h3 Ba7
9. Kh2 Bd7 10. Nh4 Ne7 11. f4 Ng6 12. Nxg6 fxg6 13. fxe5 dxe5 14. Ne2 Qe7 15. d4
O-O-O 16. dxe5 Qxe5 17. Bf4 Qe7 18. Nc3 Bb5 19. Nxb5 Rxd1 20. Nxa7+ Kb8 21. Nc6+
bxc6 22. Raxd1 Rd8 23. e5 Nd5 24. Rf3 g5 25. Rb3+ Ka7 26. Bd2 Qxe5 27. c4 Nb6
28. Bc3 Qe7 29. Re1 Qd7 30. Bb4 Nxc4 31. Re7 Qd4 32. Rxc7+ Kb8 33. Bc5+ Kxc7 34.
Bxd4 Rxd4 35. Rc3 Nxb2 36. Rxc6+ Kd7 37. Rxa6 Ra4 38. Bc6+ Kc7 39. Bxa4 Nxa4 40.
Rxa4 Kb6 41. Re4 h5 42. Re5 1-0

[Event "Online Olym Div2 D 2020"]
[Site "chess.com INT"]
[Date "2020.08.15"]
[Round "6.1"]
[Board "1"]
[White "Urkedal, Frode Olav Olsen"]
[Black "Delaney, Killian"]
[Result "1-0"]
[WhiteTitle "GM"]
[BlackTitle "FM"]
[WhiteElo "2549"]
[BlackElo "2314"]
[WhiteTeam "Norway"]
[BlackTeam "Ireland"]
[WhiteFideId "1506102"]
[BlackFideId "2501570"]
[EventDate "2020.08.14"]
[EventType "team"]

1. d4 d5 2. c4 Nc6 3. Nc3 Nf6 4. Nf3 dxc4 5. Bg5 h6 6. Bh4 a6 7. d5 Na5 8. e4 c6
9. dxc6 Qxd1+ 10. Rxd1 Nxc6 11. e5 Nd7 12. Nd5 Rb8 13. Nc7+ Kd8 14. e6 Kxc7 15.
Bg3+ Kd8 16. exd7 Bxd7 17. Bxb8 Nxb8 18. Ne5 Ke8 19. Bxc4 e6 20. Ke2 Be7 21. Rd3
Bf6 22. Ng4 Bc6 23. Nxf6+ gxf6 24. f3 Nd7 25. Rc3 Ne5 26. Kf2 Ke7 27. Be2 Rg8
28. Rd1 f5 29. g3 h5 30. Rd4 Rh8 31. Kg1 Bd5 32. a3 Nc6 33. Rh4 Kf6 34. Kf2 Ne5
35. Rb4 Nc6 36. Rxb7 h4 37. g4 fxg4 38. fxg4 Ne5 39. Ra7 Kg5 40. h3 f5 41. gxf5
Kxf5 42. Rxa6 Rg8 43. Bf1 Rd8 44. Ra4 Be4 45. Ke3 Rd1 46. Be2 Rh1 47. Rxe4 Rxh3+
48. Kd4 Rxc3 49. bxc3 1-0

[Event "Online Olym Div2 D 2020"]
[Site "chess.com INT"]
[Date "2020.08.15"]
[Round "6.1"]
[Board "2"]
[White "Jessel, Stephen"]
[Black "Gullaksen, Eirik"]
[Result "0-1"]
[WhiteTitle "FM"]
[BlackTitle "IM"]
[WhiteElo "2297"]
[BlackElo "2344"]
[WhiteTeam "Ireland"]
[BlackTeam "Norway"]
[WhiteFideId "628859"]
[BlackFideId "1500945"]
[EventDate "2020.08.14"]
[EventType "team"]

1. Nf3 Nf6 2. c4 g6 3. b4 Bg7 4. Bb2 c6 5. g3 O-O 6. Bg2 d5 7. cxd5 Nxd5 8. Bxg7
Kxg7 9. Qc2 Qb6 10. a3 a5 11. bxa5 Rxa5 12. O-O Qa7 13. d3 Kg8 14. Nfd2 Nd7 15.
Nc4 Ra6 16. Nc3 N7f6 17. h3 Be6 18. Rfb1 Rc8 19. Qb2 Nxc3 20. Qxc3 Nd7 21. Qb4
Bxc4 22. Qxc4 Rc7 23. Qb4 Qc5 24. d4 Qxb4 25. axb4 Rb6 26. f4 Nf6 27. Ra5 Rd7
28. e3 Nd5 29. Bxd5 Rxd5 30. Rxd5 cxd5 31. b5 Kf8 32. Kf2 Ke8 33. g4 Kd7 34. Ke2
h5 35. g5 Ke6 36. Rb3 Kf5 37. Kf3 f6 38. h4 fxg5 39. hxg5 Re6 40. Rc3 Rb6 41.
Rc5 Ke6 42. Kg3 Rd6 43. Kf3 Rb6 44. e4 dxe4+ 45. Kxe4 h4 46. Re5+ Kf7 47. Kf3
Rd6 48. d5 Rb6 49. Kg4 Rxb5 50. Kxh4 Rb4 51. Kg3 Rd4 52. Kf3 b5 53. Ke3 Rd1 54.
Ke2 Rd4 55. Ke3 Rd1 56. Ke2 Rb1 57. Kd3 b4 58. Re6 b3 59. Rb6 b2 60. Kc2 Rf1 61.
Kxb2 Rxf4 62. d6 exd6 63. Rxd6 Rf5 64. Kc3 Rxg5 65. Kd4 Rf5 66. Ke4 Rf1 67. Rd3
Kf6 68. Rd5 Kg7 69. Ke3 Kh6 70. Ke2 Rf4 71. Ke3 g5 72. Rd2 Kh5 73. Rh2+ Kg4 74.
Rh8 Rf7 75. Rg8 Kh4 76. Rh8+ Kg3 77. Ke2 g4 78. Rg8 Kh3 79. Rh8+ Kg2 80. Ke3 g3
81. Ra8 Kh2 82. Rh8+ Kg1 83. Ke2 g2 84. Ra8 Rf2+ 85. Ke3 Rf1 86. Ke2 Rf5 87. Rh8
Re5+ 88. Kd2 Kf2 89. Rf8+ Kg3 90. Rg8+ Kf3 91. Kd3 Rd5+ 92. Kc4 Rd1 93. Rf8+ Ke4
94. Re8+ Kf5 95. Rf8+ Ke6 0-1

[Event "Online Olym Div2 D 2020"]
[Site "chess.com INT"]
[Date "2020.08.15"]
[Round "6.1"]
[Board "3"]
[White "Machlik, Monika"]
[Black "Kanyamarala, Trisha"]
[Result "0-1"]
[BlackTitle "WIM"]
[WhiteElo "2107"]
[BlackElo "2193"]
[WhiteTeam "Norway"]
[BlackTeam "Ireland"]
[WhiteFideId "1513621"]
[BlackFideId "45004722"]
[EventDate "2020.08.14"]
[EventType "team"]

1. d4 Nf6 2. c4 e6 3. Nc3 Bb4 4. Qc2 d5 5. a3 Bxc3+ 6. Qxc3 h6 7. Nf3 b6 8. e3
Bb7 9. Be2 Nbd7 10. b4 Ne4 11. Qc2 dxc4 12. Bxc4 Ng5 13. Nxg5 Qxg5 14. f3 O-O
15. O-O c5 16. Bb5 Rfd8 17. bxc5 bxc5 18. Bxd7 Rxd7 19. dxc5 Rc8 20. Qa4 Bc6 21.
Qc4 Rb8 22. a4 Bd5 23. Qc2 Bb3 24. Qc3 Qd5 25. e4 Qc6 26. Be3 Bxa4 27. Rab1 Bb5
28. Rfd1 Rbd8 29. Rxd7 Rxd7 30. Qa5 a6 31. Qb6 Qc8 32. Rc1 Rb7 33. Qd6 Bc6 34.
Qe5 a5 35. Qg3 Kh8 36. Qe5 f6 37. Qc3 Qd8 38. Qc4 Qd7 39. Qd4 Qxd4 40. Bxd4 a4
41. Rc3 Rb1+ 42. Kf2 Rb2+ 43. Kg1 Kg8 44. Ra3 Rc2 45. h4 h5 46. Rc3 Rd2 47. Be3
Rd1+ 48. Kf2 Ra1 49. Rd3 a3 50. Bd4 Ra2+ 51. Kg1 e5 52. Be3 Ra1+ 53. Kf2 Bb5 54.
Rd8+ Kf7 55. Ra8 a2 56. Ra7+ Ke6 57. Kg3 Re1 58. Rxa2 Rxe3 59. Rc2 Kd7 60. Rd2+
Rd3 61. Rc2 Kc6 62. Rc1 Rd2 63. Ra1 Kxc5 64. Ra7 Bf1 65. f4 Rxg2+ 66. Kf3 Rg4
67. fxe5 fxe5 68. Ra5+ Bb5 69. Ra7 Bc6 70. Ra5+ Kd6 71. Ra6 Rxh4 72. Rb6 Rf4+
73. Kg3 h4+ 74. Kh3 g5 75. Rb8 Bd7+ 76. Kh2 g4 77. Rb6+ Kc5 78. Rh6 g3+ 79. Kg1
h3 80. Rh8 Rxe4 81. Kf1 Bb5+ 82. Kg1 Re1# 0-1

[Event "Online Olym Div2 D 2020"]
[Site "chess.com INT"]
[Date "2020.08.15"]
[Round "6.1"]
[Board "4"]
[White "O'Gorman, Alice"]
[Black "Machlik, Edit"]
[Result "0-1"]
[WhiteElo "1904"]
[BlackElo "2078"]
[WhiteTeam "Ireland"]
[BlackTeam "Norway"]
[WhiteFideId "2508214"]
[BlackFideId "1513591"]
[EventDate "2020.08.14"]
[EventType "team"]

1. e4 c6 2. d4 d5 3. Nc3 dxe4 4. Nxe4 Bf5 5. Ng3 Bg6 6. h4 h6 7. Nf3 Nd7 8. h5
Bh7 9. Bd3 Bxd3 10. Qxd3 e6 11. Bf4 Qa5+ 12. Bd2 Qc7 13. O-O-O Ngf6 14. Rhe1
O-O-O 15. Qe2 Nb6 16. Kb1 Be7 17. Ba5 Rd5 18. Bxb6 axb6 19. Ne5 Bd6 20. f4 Rd8
21. Ne4 Nxe4 22. Qxe4 Ra5 23. Nc4 Rxh5 24. Nxd6+ Qxd6 25. c3 Qd5 26. g4 Rh2 27.
Qxd5 Rxd5 28. Rg1 Rf2 29. Rdf1 Rxf1+ 30. Rxf1 h5 31. g5 g6 32. Kc2 Kd7 33. Kd3
Ke7 34. b4 b5 35. c4 bxc4+ 36. Kxc4 f6 37. Rg1 Rf5 38. gxf6+ Kxf6 39. a4 b5+ 40.
axb5 cxb5+ 41. Kd3 Rxf4 42. Ke3 Rf5 43. Ke4 g5 44. Ra1 h4 45. Ra8 Rf4+ 46. Ke3
Kf5 47. Rb8 h3 48. Rxb5+ Kg4 49. Ra5 h2 50. Ra1 Kh3 51. b5 Rf5 52. b6 Rb5 53.
Kf2 Rb2+ 54. Kf3 Rxb6 55. Kf2 Rb2+ 56. Kf3 g4+ 57. Kf4 g3 58. Kf3 Rb3+ 59. Kf4
g2 60. Ra7 g1=Q 0-1

[Event "Online Olym Div2 D 2020"]
[Site "chess.com INT"]
[Date "2020.08.15"]
[Round "6.1"]
[Board "5"]
[White "Abdrlauf, Elham"]
[Black "Kanyamarala, Tarun"]
[Result "1-0"]
[WhiteTitle "FM"]
[BlackTitle "FM"]
[WhiteElo "2373"]
[BlackElo "2381"]
[WhiteTeam "Norway"]
[BlackTeam "Ireland"]
[WhiteFideId "1533533"]
[BlackFideId "45004714"]
[EventDate "2020.08.14"]
[EventType "team"]

1. e4 c5 2. Nf3 Nc6 3. b4 Nxb4 4. c3 Nc6 5. d4 cxd4 6. cxd4 d5 7. exd5 Qxd5 8.
Nc3 Qa5 9. Rb1 Qxc3+ 10. Bd2 Qa3 11. d5 Bd7 12. Rxb7 Qxa2 13. Rxd7 Kxd7 14.
dxc6+ Kxc6 15. Ne5+ Kd6 16. Bc4 1-0

[Event "Online Olym Div2 D 2020"]
[Site "chess.com INT"]
[Date "2020.08.15"]
[Round "6.1"]
[Board "6"]
[White "Mirza, Diana"]
[Black "Langvik, Ulrikke"]
[Result "0-1"]
[WhiteTitle "WFM"]
[WhiteElo "1939"]
[BlackElo "1548"]
[WhiteTeam "Ireland"]
[BlackTeam "Norway"]
[WhiteFideId "2503999"]
[BlackFideId "1517910"]
[EventDate "2020.08.14"]
[EventType "team"]

1. d4 d5 2. Nf3 Bf5 3. c4 e6 4. e3 Be7 5. Be2 Nf6 6. Ne5 Nbd7 7. Nd2 O-O 8. g4
Bg6 9. h4 h6 10. Nxg6 fxg6 11. Bd3 Nh7 12. Nf3 Bb4+ 13. Bd2 Bxd2+ 14. Nxd2 Qf6
15. f4 e5 16. cxd5 exf4 17. Ne4 Qe7 18. Qb3 Kh8 19. O-O-O fxe3 20. g5 h5 21. Rh3
Rf4 22. Re1 Rxe4 23. Bxe4 Qxe4 24. Rhxe3 Qxh4 25. Qxb7 Rb8 26. Re8+ Rxe8 27.
Rxe8+ Nhf8 28. Qxc7 Qxg5+ 29. Kc2 Qg2+ 30. Kd3 Qf1+ 31. Kd2 Qg2+ 32. Kc3 Qxd5
33. Qxa7 Qc6+ 34. Kd3 Nc5+ 35. Qxc5 Qxe8 36. b4 Nd7 37. Qd6 h4 38. b5 Qf7 39. b6
h3 40. b7 Qf3+ 41. Kc4 Qxb7 42. Qxg6 Nb6+ 43. Kd3 Qf3+ 44. Kc2 Qg2+ 0-1